00856 2200301 4500001002100000005001500021035002000036007000300056008004100059020002200100082001600122084001800138100002200156245004800178250003700226300003100263650002000294264003200314336002100346337003000367338002300397040002200420090002200442850001200464504003400476999002200510990002200532INLIS00000000085960320210506092055 a0010-0521000184ta210506s2020 yoi g ind d a978-623-02-1544-504223a371.392 a371.392 HAE s0 aHaerulePengarang10aSeni berbicara dalam pembelajaran /cHaerul aCetakan pertama : September 2020 aviii, 110 halaman ;c23 cm 4aBelajar, Metode31aSleman :bDeepublish,c2020 2rdacontentateks 2rdamediaatanpa perantara 2rdacarrieravolume aYOPDYOGbinderda aCB-D.11 2020-2405 aYOPDYOG aBibliografi : halaman 106-109 aCB-D.11/2020-2405 aCB-D.11/2020-2405